1993 1540 1327 1556 1927 1039 1543 1798 1124 1696 1462 1272 1450 1269 1867 1272 1085 1727 1750 1717 1277 1200 1941 1425 1573 1204 1395 1940 1181 1465 1764 1908 1550 1261 1918 1976 1735 1016 1173 1740 1563 1783 1420 1803 1932 1649 1004 1544 1190 1854 1784 1304 1005 1193 1762 1926 1877 1282 1432 1898 1351 1058 1102 1910 1408 1401 1593 1710 1025 1777 1837 1112 1412 1009 1478 1207 1453 1184 1870 1848 1858 1469 1954 1048 1082 1767 1529 1632 1272 1786 1549 1580 1260 1556 1858 1407 1652 1165 1055 BCNSPRNW ULIB Ver.6.0+V

เปลี่ยนเป็นภาษาไทย

Change to English
 แสดงรายละเอียดบรรณานุกรม
  กลับหน้าหลัก

Brief Record : Get Marc (ISO 2709) : E-mail record : QR code < ปิดหน้าต่าง
LEADER : 00000nam 2200000uu 4500
001    13399108231
003     ULIB
008    110222s2552||||th 000 0 tha d
020    9789741111909
060 04 WS100^bก721 2552 ล.1
245 00 กุมารเวชศาสตร์ สำหรับนักศึกษาแพทย์ เล่มที่ 1 /^cบรรณาธิการ, เปรมฤดี ภูมิถาวร ... [และคนอื่น ๆ]
250    พิมพ์ครั้งที่ 1
260    กรุงเทพฯ :^bภาควิชากุมารเวชศาสตร์คณะแพทยศาสตร์โรงพยาบาลรามาธิบดี มหาวิทยาลัยมหิดล,^c2552
300    [13] ; 437 หน้า :^bภาพประกอบ ;^c27 ซม.
650  2 Disease^xin infancy & childhood
650  2 Pediatrics
650  7 กุมารเวชศาสตร์
650  7 โรคเด็ก
650  7 ผู้ป่วย^xโรคเด็ก
700 0  เปรมฤดี ภูมิถาวร,^eบรรณาธิการ
700 0  สุวัฒนื เบญจพลพิทักษ์,^eบรรณาธิการ
700 0  กาญจนา ตั้งนรารัชชกิจ,^eบรรณาธิการ
700 0  สุเทพ วาณิชย์กุล,^eบรรณาธิการ
700 0  สุรางค์ เจียมจรรยา,^eบรรณาธิการ
710 2  มหาวิทยาลัยมหิดล. ^bคณะแพทยศาสตร์โรงพยาบาลรามาธิบดี.^bภาควิชากุมารเวชศาสตร์
945    ^p500^l0^i029617
945    ^p500^l0^i029616
945    ^p500^l0^i029615
945    ^p500^l0^i029614
945    ^p500^l0^i029612
945    ^p500^l0^i029611
945    ^p500^l0^i029610
945    ^p500^l0^i029608
945    ^p500^l0^i029613
945    ^p500^l0^i029609
995    เกษร
999 ^a ใช้งานได้ทุกระบบ
รายการนี้ยังไม่มีแท็ก
คุณยังไม่ได้ล็อกอิน คุณสามารถมีกิจกรรมร่วมกับเว็บไซต์ได้ แต่ต้องล็อกอินก่อน ::
  ล็อกอิน

รายการสื่อสารสนเทศ

ลำดับที่ ประเภท เลขเรียก/บาร์โค้ด สถานที่ สถานะ
- ไม่พบข้อมูล -

รายการใกล้เคียง
    หัวเรื่อง [Pediatrics]
    หัวเรื่อง [กุมารเวชศาสตร์]
    หัวเรื่อง [โรคเด็ก]

BibComment


ยังไม่เคยถูกคอมเมนท์

คอมเมนท์ทรัพยากรรายการนี้
  คอมเมนท์: กุมารเวชศาสตร์ สำ..


 Copyright 2026. Bcnsprnw @Library